• 首页
  • 本馆介绍
  • 公告通知
  • 最新文献
  • 馆藏检索
  • 电子资源
  • 读者导购
  • 参考咨询
  • 我的图书馆
  • 登录
  • 详细信息显示
  • 放入我的书架
  • 预约/预借图书
  • 作者相关作品
  • 分类相关作品
  • 丛书相关作品
  • 出版社相关作品

书目信息

  • 表格格式
  • 工作单格式
  • 卡片格式
题名:
新编第一次国内革命战争史稿
    
 
作者: 陈志凌 著
分册:  
出版信息: 西安   陕西人民出版社  1981
页数: 291页
开本: 21cm
丛书名:
单 册:
中图分类: K262.01
科图分类:
主题词: 中国--历史 , 第一次国内革命战争--史料
电子资源:
ISBN:
000 00700nam0 2200241 45
001 0181010186
005 20060420143001.26
010    @dCNY0.74
091    @a11094.68
100    @a19950215d1981 em y0chiy0121 ea
101 0  @achi
102    @aCN@b610000
105    @af z 000yy
200 10 @a新编第一次国内革命战争史稿@Axin bian di yi ci guo nei ge ming zhan zheng shi gao@f陈志凌著@Fchen zhi ling zhu
210    @a西安@c陕西人民出版社@d1981
215    @a291页@c照片@d21cm
606 0  @a中国@x历史
606    @a第一次国内革命战争@x史料
690    @aK262.01@v4
701  0 @a陈志凌@Achen zhi ling@4著
801  2 @aCN@bNLC@c20060420
801  0 @aCN@b上海图书馆@c20040518
905    @dK262.01@e8
    
    新编第一次国内革命战争史稿/陈志凌著.-西安:陕西人民出版社,1981
    291页:照片;21cm
    
    
    ISBN :CNY0.74
    
●
相关链接 在E读中查询图书 在五车中查询图书 在当当中查询图书 在豆瓣中查询图书


正题名:新编第一次国内革命战争史稿     索取号:K262.01/8         预约/预借

序号 登录号 条形码 馆藏地/架位号 状态 备注
1 0067586   202086009   第二样本阅览室/ [索取号:K262.01/8] 在馆    
2 0067587   000355993   第二借阅区/ [索取号:K262.01/8] 在馆    
3 0067588   000355984   第二借阅区/ [索取号:K262.01/8] 在馆    
4 0067589   202276063   密集书库/ [索取号:K262.01/8] 在馆    
5 0067590   202276072   密集书库/ [索取号:K262.01/8] 在馆    
唐山师范学院图书馆 欢迎您!
大连网信软件有限公司© 版权所有